Missing Word: Top Grossing Movies (2011) Quiz Stats

Quiz Updated Jan 16, 2015

Challenge
Share
Tweet
Embed
Score 0/20 Timer 02:00
1 Play Today
Movie Missing Word % Correct
_______ of the Caribbean: On Stranger TidesPirates
98.8%
Sherlock ______: A Game of ShadowsHolmes
97.4%
Kung Fu _____ 2Panda
96.7%
Rise of the Planet of the ____Apes
96.5%
_____ and the Chipmunks: ChipwreckedAlvin
96%
The Girl With the ______ TattooDragon
95.3%
____ in BootsPuss
94.6%
Harry Potter and the _______ Hallows Part 2Deathly
92.6%
The Hangover ____ IIPart
92.4%
The Twilight Saga: Breaking ____ Part 1Dawn
88.1%
Movie Missing Word % Correct
_____ LanternGreen
87.8%
X-Men: _____ ClassFirst
81.3%
The __________ of TintinAdventures
79%
Transformers: Dark of the ____Moon
71.3%
Mission: Impossible - _____ ProtocolGhost
65.1%
Captain America: The First _______Avenger
49.3%
____ FiveFast
48.8%
The Green ______Hornet
47.1%
_____ 8Super
43.6%
Real _____Steel
31%

Today's Daily Dose

Missing Word
The Killers Songs

Word Ladder
1967 Film

Quick Pick
Flag Names

On This Day
February 24th II

You're not logged in!

Compare scores with friends on all Sporcle quizzes.
Sign Up with Email
OR
Log In

You Might Also Like...

Show Comments

Extras

Top Quizzes Today


Score Distribution

Your Account Isn't Verified!

In order to create a playlist on Sporcle, you need to verify the email address you used during registration. Go to your Sporcle Settings to finish the process.